Detalles MARC
| 000 -CABECERA |
| campo de control de longitud fija |
02320cam a2200301 i 4500 |
| 001 - NÚMERO DE CONTROL |
| campo de control |
16734 |
| 003 - IDENTIFICADOR DEL NÚMERO DE CONTROL |
| campo de control |
DO-SdUEMH |
| 005 - FECHA Y HORA DE LA ÚLTIMA TRANSACCIÓN |
| campo de control |
20251223211308.0 |
| 007 - CAMPO FIJO DE DESCRIPCIÓN FÍSICA--INFORMACIÓN GENERAL |
| campo de control de longitud fija |
ta |
| 008 - DATOS DE LONGITUD FIJA--INFORMACIÓN GENERAL |
| campo de control de longitud fija |
211105s2001 dr a|||fr|||| 000 0 spa|d |
| 020 ## - NÚMERO INTERNACIONAL ESTÁNDAR DEL LIBRO |
| Número Internacional Estándar del Libro |
9275323836 |
| 040 ## - FUENTE DE LA CATALOGACIÓN |
| Centro catalogador/agencia de origen |
DO-SdUEMH |
| Lengua de catalogación |
spa |
| Normas de descripción |
rda |
| 041 ## - CÓDIGO DE LENGUA |
| Código de lengua del texto/banda sonora o título independiente |
spa |
| 082 04 - NÚMERO DE LA CLASIFICACIÓN DECIMAL DEWEY |
| Número de clasificación |
155.943 O686M |
| Número de documento/Ítem |
O686m |
| Colección |
Colección Dominicana |
| 084 ## - OTRO NÚMERO DE CLASIFICACIÓN |
| Item number |
14-00065 |
| 110 ## - ENTRADA PRINCIPAL--NOMBRE DE ENTIDAD CORPORATIVA |
| Nombre de entidad corporativa o nombre de jurisdicción como elemento de entrada |
Organización Panamericana de la Salud OPS |
| 245 10 - MENCIÓN DE TÍTULO |
| Título |
Modelos de psicología comunitaria para la promoción de la salud y prevención de enfermedades en las Américas / |
| Mención de responsabilidad, etc. |
Claudio T. Miranda |
| 260 ## - PUBLICACIÓN, DISTRIBUCIÓN, ETC. |
| Date of publication, distribution, etc. |
2001 |
| 264 01 - PRODUCCIÓN, PUBLICACIÓN, DISTRIBUCIÓN, FABRICACIÓN Y COPYRIGHT |
| Lugar de producción, publicación, distribución, fabricación |
Santo Domingo, República Dominicana : |
| Nombre del de productor, editor, distribuidor, fabricante |
Organización Panamericana de la Salud OPS , |
| Fecha de producción, publicación, distribución, fabricación o copyright |
2001 |
| 300 ## - DESCRIPCIÓN FÍSICA |
| Extensión |
viii, 212 paginas : |
| Otras características físicas |
Ilustraciones ; |
| Dimensiones |
25 cm |
| 336 ## - TIPO DE CONTENIDO |
| Fuente |
rdacontent |
| Término de tipo de contenido |
texto |
| Código de tipo de contenido |
txt |
| 337 ## - TIPO DE MEDIO |
| Fuente |
rdamedia |
| Nombre del tipo de medio |
sin mediación |
| Código del tipo de medio |
n |
| 338 ## - TIPO DE SOPORTE |
| Fuente |
rdacarrier |
| Nombre del tipo de soporte |
volumen |
| Código del tipo de soporte |
nc |
| 504 ## - NOTA DE BIBLIOGRAFÍA, ETC. |
| Nota de bibliografía, etc. |
Bibliografías en paginas 209-210 |
| 505 #1 - NOTA DE CONTENIDO CON FORMATO |
| Nota de contenido con formato |
Marco conceptual Un modelo de promoción de la salud y desarrollo comunitario -- Intervenciones tempranas Crecimiento supervivencia y desarrollo infantil una aproximación en colaboración para mejorar la calidad de vida -- Participación de la comunidad en un programa de vigilancia del crecimiento en Honduras -- Salud de los adolescentes Un programa de educación para la vida familiar la salud y la sexualidad dirigido a los adolescentes -- El problema del maltrato infantil en Colombia de la teoría a la práctica -- Salud del adulto Un método para la reducción del riesgo del SIDA entre los adultos jóvenes que usan cocaína en Brasil -- Las relaciones de poder y la prevención del VIH SIDA una intervención investigación entre mujeres puertorriqueñas -- Salud y medio ambiente Salud trabajo y medio ambiente un estudio de casos de los esfuerzos de una comunidad para reducir la contaminación ambiental -- Salud y trabajo un estudio de casos de un esfuerzo de organización por empleados encargados de la entrada de datos -- Promoción de la salud y participación comunitaria para el control de la enfermedad de Chagas -- De la epidemiología a la endoepidemiología la investigación epidemiológica en el trabajo comunitario -- Consideraciones éticas Algunas reflexiones sobre las bases éticas de la psicología comunitaria. |
| 942 ## - ELEMENTOS DE PUNTO DE ACCESO ADICIONAL (KOHA) |
| Fuente del sistema de clasificación o colocación |
Dewey Decimal Classification |
| Tipo de ítem Koha |
Libro |
| Suprimir en OPAC |
No |